Datum a čas kvízu
27
Celkem bodů
Celkový počet nahraných bodů na tomto kvízu bez doplňovacích otázek.
11.
Pořadí na kvízu
Konečné umístění týmu na tomto kvízu.
Zaznamenané odpovědi
| # | Otázka | Odpověď | Body | Výsledky |
|---|---|---|---|---|
| 1. | Který český ministr v poslední... | Vít Rakušan | 1 | |
| 2. | Na poslední chvíli se přihlási... | Igor Matovič | 1 | |
| 3. | Cenu Czech Press Photo za rok... | D) v budově soudu | 1 | |
| 4. | Minulý týden byl spuštěn elekt... | DiPSy | 0 | |
| 5. | Jak se jmenuje 38letý český cy... | Zdeněk Štybar | 1 | |
| 6. | Ve třetím díle cestovatelského... | Jeseník | 0 | |
| 7. | Stále větší oblibě cestovatelů... | portugalština | 1 | |
| 8. | Kdepak Paříž. Ve kterém městě... | v Las Vegas | 1 | |
| 9. | S písmenem M se vracíme do Čes... | v Mníšku pod Brdy | 0 | |
| 10. | Ve kterém století byl vybudová... | v 19. století | 0 |